Follow That Lyric: Les Misérables Quiz Stats

 Plays Quiz Updated Dec 21, 2018

     
Support Sporcle.
Go Orange.
Score 0/25 Timer 10:00
4 Plays Today
% Correct
There is a life about to start when tomorrow comes!
90.2%
All my life, I've only been pretending.
90%
Not in my castle on a cloud
89.9%
Master of the house.
87%
To become an honest man
86.7%
And yet with you my world has started.
86.1%
Is to see the face of God.
86.1%
Can hardly hurt me now
85.5%
Medicines are expensive, M'sieur!
85.3%
But there's not much there.
84.3%
With their voices soft as thunder
83.9%
When they chained me and left me for dead just for stealing a mouthful of bread
83.6%
Is this simply a game for rich young boys to play?
81.9%
% Correct
Let him be. Let him live.
79.6%
There is none but me who can intercede.
78.8%
And the stars are black and cold.
78%
Oh God, for shame. I do not even know your name.
77.4%
And the winter is coming on fast ready to kill.
77.4%
How long, O Lord, before you let me die?
77.1%
They could see a world reborn
76.7%
Tough on the teeth, but what the hell!
74.6%
Can I condemn this man to slavery?
73%
They're straining at the leash!
71.8%
The flame, the sword!
70.9%
Is your life just one more lie?
68.1%

From the Vault

5-Letter Countries on a Map

by manonthemoon

Each letter goes a long way in these 24 five-tastic countries.
Remove Ads.
Support Sporcle.
Get the best of Sporcle when you Go Orange. This ad-free experience offers more features, more stats, and more fun while also helping to support Sporcle. Thank you for becoming a member.

Show Comments

Extras

Top Quizzes Today


Score Distribution

Your Account Isn't Verified!

In order to create a playlist on Sporcle, you need to verify the email address you used during registration. Go to your Sporcle Settings to finish the process.

Report this User

Report this user for behavior that violates our Community Guidelines.

Details: